|
|
|
|
| LEADER |
00670cam a22001811 4500 |
| 020 |
|
|
|a 0521069572
|
| 082 |
|
|
|a 579.2
|b WAT/IN
|
| 100 |
1 |
|
|a Waterson, A. P.
|
| 245 |
1 |
0 |
|a Introduction to animal virology
|
| 250 |
|
|
|a 2nd ed.
|
| 260 |
|
|
|a Cambridge,
|a London,
|b Cambridge U.P.,
|c 1968.
|
| 300 |
|
|
|a x, 176 p.
|b illus.
|
| 650 |
|
0 |
|a Viruses.
|
| 650 |
|
0 |
|a Virus diseases.
|
| 942 |
|
|
|c BK
|
| 999 |
|
|
|c 11358
|d 11358
|
| 952 |
|
|
|0 0
|1 0
|4 0
|6 579_200000000000000_WAT_IN
|7 0
|8 NFIC
|9 15127
|a KUFOS
|b KUFOS
|c GEN
|d 2016-08-08
|o 579.2 WAT/IN
|p 01536
|r 2016-08-08
|y BK
|
| 952 |
|
|
|0 0
|1 0
|4 0
|6 579_200000000000000_WAT_IN
|7 0
|8 NFIC
|9 15180
|a KUFOS
|b KUFOS
|c GEN
|d 2016-08-08
|o 579.2 WAT/IN
|p 01537
|r 2016-08-08
|w 2016-08-08
|y BK
|